[Event "Montevideo Duchamp Cup 4th"]
[Site "Montevideo"]
[Date "2020.02.09"]
[Round "2"]
[White "Araujo Abimorad, Leonardo"]
[Black "Maestro, Esteban"]
[Result "0-1"]
[WhiteElo "1807"]
[BlackElo "1571"]
[PlyCount "132"]
[EventDate "2020.02.08"]
[EventType "swiss"]
[EventRounds "9"]
[EventCountry "URU"]
[SourceTitle "CBM 194 Extra"]
[Source "ChessBase"]
[SourceDate "2020.03.31"]
[SourceVersion "1"]
[SourceVersionDate "2020.03.31"]
[SourceQuality "1"]

1. e4 e5 2. Nf3 Nc6 3. Bb5 a6 4. Ba4 b5 5. Bb3 Nf6 6. d3 Bc5 7. 0-0 d6 8. Bg5 h6 9. Bh4 g5 10. Bg3 Na5 11. Nbd2 Bb6 12. c4 Nxb3 13. axb3 Bb7 14. Re1 b4 15. Nf1 Rg8 16. Qd2 a5 17. Ne3 Qd7 18. Nf5 Rg6 19. Bxe5 g4 20. N3h4 dxe5 21. Nxg6 fxg6 22. Qxh6 Qh7 23. Qxh7 Nxh7 24. Ne3 Nf6 25. Nd5 Nxd5 26. exd5 Bd4 27. Re2 Bc8 28. Rd2 Bf5 29. g3 Ke7 30. Kg2 Kd6 31. Rf1 Rf8 32. Ra1 Bb6 33. Re1 g5 34. Rde2 Bxd3 35. Rd2 Bg6 36. h3 gxh3+ 37. Kxh3 Bf5+ 38. g4 Bd7 39. Kg3 Rh8 40. f3 Be8 41. Ree2 Bg1 42. Kg2 Bb6 43. Rd1 Bg6 44. Rh1 Rxh1 45. Kxh1 Bf7 46. Kg2 Bd4 47. Kf1 c6 48. dxc6 Kxc6 49. Ke1 Kc5 50. Kd1 Be8 51. Kc2 Bc6 52. Rg2 Bxf3 53. Rg3 Be4+ 54. Kc1 Bc6 55. Kc2 e4 56. Rh3 Bd7 57. Rg3 Be5 58. Rg1 Bf4 59. Rg2 e3 60. Kd3 Bc6 61. Rg1 Bf3 62. Ra1 Kb6 63. Rg1 e2 64. Re1 Bxg4 65. Rxe2 Bxe2+ 66. Kxe2 Bc1 0-1

[Event "Montevideo Duchamp Cup 4th"]
[Site "Montevideo"]
[Date "2020.02.08"]
[Round "1"]
[White "Diaz Hollemaert, Nahuel Carlos"]
[Black "Araujo Abimorad, Leonardo"]
[Result "1-0"]
[WhiteElo "2450"]
[BlackElo "1807"]
[PlyCount "57"]
[EventDate "2020.02.08"]
[EventType "swiss"]
[EventRounds "9"]
[EventCountry "URU"]
[SourceTitle "CBM 194 Extra"]
[Source "ChessBase"]
[SourceDate "2020.03.31"]
[SourceVersion "1"]
[SourceVersionDate "2020.03.31"]
[SourceQuality "1"]

1. Nf3 Nf6 2. c4 d6 3. d4 g6 4. Nc3 Bg7 5. e4 0-0 6. Be2 e5 7. d5 b6 8. Bg5 Nbd7 9. Nd2 a5 10. a3 Nc5 11. b4 axb4 12. axb4 Rxa1 13. Qxa1 Na6 14. Qa3 h6 15. Be3 Nb8 16. c5 bxc5 17. bxc5 Re8 18. c6 g5 19. 0-0 Ng4 20. Ba7 Nxc6 21. dxc6 f5 22. Bxg4 fxg4 23. Nd5 Be6 24. Qa5 Bxd5 25. Qxd5+ Kh7 26. Rb1 Qe7 27. Nf1 Ra8 28. Rb7 Bf6 29. Bb8 1-0

[Event "Montevideo Trebejos op 11"]
[Site "Montevideo"]
[Date "2016.11.21"]
[Round "4"]
[White "Araujo Abimorad, Leonardo"]
[Black "Guidali, Leonardo"]
[Result "0-1"]
[WhiteElo "1831"]
[BlackElo "1654"]
[PlyCount "80"]
[EventDate "2016.11.14"]
[EventType "swiss"]
[EventRounds "7"]
[EventCountry "URU"]
[SourceTitle "EXT 2018"]
[Source "ChessBase"]
[SourceDate "2017.10.13"]
[SourceVersion "1"]
[SourceVersionDate "2017.10.13"]
[SourceQuality "1"]

1. e4 c5 2. Nf3 Nc6 3. Bc4 e6 4. 0-0 d6 5. Nc3 Be7 6. d3 Nf6 7. Re1 a6 8. a3 b6 9. Ba2 Qc7 10. b4 0-0 11. Bb2 Bb7 12. Ne2 d5 13. exd5 Nxd5 14. Bxd5 exd5 15. Ng3 cxb4 16. axb4 Bxb4 17. Re2 Rfe8 18. c3 Bd6 19. Qd2 Ne5 20. Nxe5 Bxe5 21. Rae1 Re7 22. Qg5 f6 23. Qf5 Rae8 24. d4 Bd6 25. Bc1 Rxe2 26. Rxe2 Rxe2 27. Nxe2 Qe7 28. Qf3 Qe4 29. Qxe4 dxe4 30. Be3 Bd5 31. Nf4 Bc4 32. f3 exf3 33. gxf3 Kf7 34. h4 Bxf4 35. Bxf4 Ke6 36. Kf2 Kd5 37. Ke3 a5 38. Kd2 a4 39. Kc2 Be2 40. Kb2 Bxf3 0-1